000 00529nam a2200205Ia 4500
005 20240302082945.0
008 131103s9999 xx 000 0 und d
020 _cRs.10
040 _aLoreto College
041 _aEnglish
082 _a370.954
_bKAR-CHA
100 _aChandavarkar,Ganesh L.
245 _aMaharshi Karve,
_cGanesh L.Chandavarkar
260 _aBombay
_bPopular Book Depot
_c1958
300 _axxii,233 p.
504 _aIncludes index
650 _aEducation - India
850 _aLCLIB
942 _cBK
999 _c10390
_d60869